000 00207nam a22000857a 4500
008 161202b xxu||||| |||| 00| 0 eng d
100 _91765
_akantha
245 _aA present for papa
260 _aNew delhi
_bCBT
_c2011
999 _c4472
_d4472